<?xml version="1.0" encoding="UTF-8"?>
<collection xmlns="http://www.loc.gov/MARC21/slim">
<record>
  <controlfield tag="001">171700</controlfield>
  <controlfield tag="005">20260601112334.0</controlfield>
  <datafield tag="037" ind1=" " ind2=" ">
    <subfield code="a">TESIS-2026-071</subfield>
  </datafield>
  <datafield tag="041" ind1=" " ind2=" ">
    <subfield code="a">spa</subfield>
  </datafield>
  <datafield tag="100" ind1="1" ind2=" ">
    <subfield code="a">Zapata García, María</subfield>
  </datafield>
  <datafield tag="245" ind1="0" ind2="0">
    <subfield code="a">Impacto de antibióticos, corticosteroides y microbiota en la eficacia de la inmunoterapia en pacientes con cáncer de pulmón no célula pequeña</subfield>
  </datafield>
  <datafield tag="260" ind1=" " ind2=" ">
    <subfield code="a">Zaragoza</subfield>
    <subfield code="b">Universidad de Zaragoza, Prensas de la Universidad</subfield>
    <subfield code="c">2026</subfield>
  </datafield>
  <datafield tag="300" ind1=" " ind2=" ">
    <subfield code="a">86</subfield>
  </datafield>
  <datafield tag="490" ind1="0" ind2=" ">
    <subfield code="a">Tesis de la Universidad de Zaragoza</subfield>
    <subfield code="x">2254-7606</subfield>
    <subfield code="v">2026-71</subfield>
  </datafield>
  <datafield tag="500" ind1=" " ind2=" ">
    <subfield code="a">Presentado:  19 01 2026</subfield>
  </datafield>
  <datafield tag="502" ind1=" " ind2=" ">
    <subfield code="a">Tesis-Univ. Zaragoza,  , 2026</subfield>
    <subfield code="b">Zaragoza, Universidad de Zaragoza</subfield>
    <subfield code="c">2026</subfield>
  </datafield>
  <datafield tag="520" ind1=" " ind2=" ">
    <subfield code="a">El cáncer de pulmón constituye una de las principales causas de morbimortalidad a nivel mundial, siendo el cáncer de pulmón de célula no pequeña (CPCNP) el subtipo más frecuente y responsable de la mayoría de las muertes. La irrupción de la inmunoterapia basada en inhibidores de puntos de control inmunológico (ICI) ha supuesto un cambio de paradigma en el tratamiento de esta enfermedad. Sin embargo, la respuesta clínica a estos tratamientos es muy variable y, actualmente, carecemos de biomarcadores predictivos fiables que permitan seleccionar de forma precisa a los pacientes que más se beneficiarán. En este contexto, la microbiota emerge como un modulador del sistema inmune y su interacción con tratamientos concomitantes podría condicionar la eficacia de la inmunoterapia.&lt;br />En este marco, llevamos a cabo un estudio prospectivo en una cohorte de 55 pacientes con CPCNP tratados con ICI, con el objetivo de identificar marcadores predictivos de respuesta y de aparición de toxicidades inmunomediadas (IrAEs), a partir del análisis de la microbiota mediante técnicas de secuenciación 16S, complementado con modelos predictivos de regresión y aprendizaje automático. Asimismo, se analizó la evolución clínica y la supervivencia global (SG) en relación con el uso de tratamientos concomitantes que alteran la microbiota, como los antibióticos y los corticosteroides. &lt;br />Nuestros resultados muestran que existen diferencias significativas en la composición de la microbiota respiratoria entre respondedores y no respondedores a ICI. Los pacientes respondedores presentan una mayor diversidad alfa y una menor abundancia del filo Firmicutes y del género Streptococcus. Mediante modelos de regresión logística, se identificó al género Gemella como el principal predictor de no respuesta, mientras que Lachnoanaerobaculum se asoció con una mayor probabilidad de respuesta favorable al tratamiento inmunoterápico.&lt;br />Además, se observó que el uso de antibióticos se asocia con una menor tasa de respuesta a los ICI, y el tratamiento con corticosteroides se relacionó con una peor SG. Aunque la mayoría de estudios previos han centrado su atención en la microbiota intestinal, nuestros hallazgos subrayan la relevancia de la microbiota respiratoria como posible biomarcador de eficacia en pacientes con CPNM.&lt;br />Estos resultados abren la puerta a futuras estrategias de modulación de la microbiota con el objetivo de optimizar la respuesta a la inmunoterapia. Una mejor comprensión del impacto de la microbiota, así como del efecto de los tratamientos que la alteran, permitirá avanzar hacia una medicina más personalizada y mejorar los resultados clínicos de los pacientes con CPNM.&lt;br /></subfield>
  </datafield>
  <datafield tag="506" ind1=" " ind2=" ">
    <subfield code="a">by-nc</subfield>
    <subfield code="b">Creative Commons</subfield>
    <subfield code="c">3.0</subfield>
    <subfield code="u">http://creativecommons.org/licenses/by-nc/3.0/es</subfield>
  </datafield>
  <datafield tag="520" ind1=" " ind2=" ">
    <subfield code="a">&lt;br /></subfield>
  </datafield>
  <datafield tag="521" ind1=" " ind2=" ">
    <subfield code="9">7085</subfield>
    <subfield code="a">Programa de Doctorado en Medicina</subfield>
  </datafield>
  <datafield tag="653" ind1="1" ind2=" ">
    <subfield code="a">cáncer de pulmón de célula no nequeña (cpcnp)</subfield>
  </datafield>
  <datafield tag="653" ind1="1" ind2=" ">
    <subfield code="a">inmunoterapia</subfield>
  </datafield>
  <datafield tag="653" ind1="1" ind2=" ">
    <subfield code="a">microbiota respiratoria</subfield>
  </datafield>
  <datafield tag="653" ind1="1" ind2=" ">
    <subfield code="a">secuenciación 16s </subfield>
  </datafield>
  <datafield tag="653" ind1="1" ind2=" ">
    <subfield code="a">biomarcadores predictivos</subfield>
  </datafield>
  <datafield tag="653" ind1="1" ind2=" ">
    <subfield code="a">corticosteroides</subfield>
  </datafield>
  <datafield tag="700" ind1=" " ind2=" ">
    <subfield code="a">Lastra Del Prado, Rodrigo 	 </subfield>
    <subfield code="e">dir.</subfield>
  </datafield>
  <datafield tag="700" ind1=" " ind2=" ">
    <subfield code="a">Paño Pardo, José Ramón </subfield>
    <subfield code="e">dir.</subfield>
  </datafield>
  <datafield tag="710" ind1="2" ind2=" ">
    <subfield code="a">Universidad de Zaragoza</subfield>
    <subfield code="b"> </subfield>
  </datafield>
  <datafield tag="830" ind1=" " ind2=" ">
    <subfield code="9">497</subfield>
  </datafield>
  <datafield tag="856" ind1="0" ind2=" ">
    <subfield code="f">cdeurop@unizar.es</subfield>
  </datafield>
  <datafield tag="856" ind1="4" ind2=" ">
    <subfield code="u">http://zaguan.unizar.es/record/171700/files/TESIS-2026-071.pdf</subfield>
    <subfield code="z">Texto completo (spa)</subfield>
  </datafield>
  <datafield tag="909" ind1="C" ind2="O">
    <subfield code="o">oai:zaguan.unizar.es:171700</subfield>
    <subfield code="p">driver</subfield>
    <subfield code="p">tesis</subfield>
  </datafield>
  <datafield tag="910" ind1="2" ind2=" ">
    <subfield code="a">Ciencias de la Salud</subfield>
    <subfield code="b"> </subfield>
  </datafield>
  <datafield tag="691" ind1=" " ind2=" ">
    <subfield code="a">3</subfield>
  </datafield>
  <datafield tag="692" ind1=" " ind2=" ">
    <subfield code="a">Garantizar una vida saludable y promover el bienestar para todos y todas en todas las edades</subfield>
  </datafield>
  <datafield tag="540" ind1=" " ind2=" ">
    <subfield code="9">info:eu-repo/semantics/openAccess</subfield>
  </datafield>
  <datafield tag="980" ind1=" " ind2=" ">
    <subfield code="a">TESIS</subfield>
  </datafield>
</record>
</collection>